=LDR 00000nam 2200000 4500 =001 INLIS000000000032115 =005 20130612134135 =008 ***********************************ind** =035 ##$$0010-061300000032115 =041 ##$$a ind =082 ##$$a 650.12 =090 ##$$a 650.12, Tru, h =100 ##$$a Trump, Donal J =245 ##$$a How To Get Rich , Bagaimana Menjadi Kaya Raya , Donadl J Trump;Penerjemah Siti Khotimah =260 ##$$a 2007 $b Jakarta =300 ##$$a viii 184 hlm. , Illus , 21 cm =650 ##$$a Sukses Bisnis =700 ##$$a Siti Khotimah =850 ##$$a NBPNMAT =990 ##$$a 0001/BPAP-NTB/20142014 =990 ##$$a 0001/BPAP-NTB/2016